Statistics for All Sidemen Channels

Click here to take the quiz!

General Stats

  • This quiz has been taken 61 times
    (57 since last reset)
  • The average score is 17 of 28

Answer Stats

AssociatedAnswer% Correct
JJKSI
98%
HarryW2S
94%
HarryW2S+
94%
SimonMiniminter
90%
VikkVikkstar123
90%
JoshZerkaa
90%
JJJJ Olatunji
88%
GroupSidemen
86%
TobiTBJZL
86%
SimonMM7Games
84%
GroupMoreSidemen
84%
EthanBehzinga
82%
GroupSidemenReacts
80%
GroupSidemenShorts
55%
SimonMiniminterClips
53%
JoshZerkaaPlays
51%
SimonMiniminterShorts
47%
TobiTBJZLClips
47%
TobiTBJZLPlays
47%
EthanBeh2inga
45%
JoshZerkaaClips
45%
HarryW2SClips
43%
JoshZerkaaShorts
41%
JJKSIClips
33%
VikkVikkstar123HD
31%
VikkVikkstarPlays
22%
VikkVikkstarShorts
20%
HarryKickTown
12%

Score Distribution

Percentile by Number Answered

Percent of People with Each Score

Your Score History

You have not taken this quiz since the last reset